| 000 | 00370nam a2200157Ia 4500 | ||
|---|---|---|---|
| 005 | 20250428025955.0 | ||
| 008 | 240331s9999 xx 000 0 und d | ||
| 020 | _a9559525425 | ||
| 082 |
_bRAJ _a891 |
||
| 100 | _aRajakaruna, T.S | ||
| 245 | 0 | _aPajaroiya | |
| 260 |
_aColombo _bNihal Raja Karunanage _c1990 |
||
| 300 | _a67 p ., | ||
| 650 | _aShort Stories | ||
| 942 | _cL | ||
| 999 |
_c5375 _d5375 |
||